[Event "Baltic Zonal II Stage 2018"]
[Site "Palanga"]
[Date "2018.06.15"]
[Round "3"]
[White "Haavamae, Henrik"]
[Black "Garanin, Aleksei"]
[Result "0-1"]
[WhiteElo "2209"]
[BlackElo "2171"]
[Annotator "NA"]
[PlyCount "90"]
[EventDate "2018.??.??"]
[EventType "swiss"]
[EventCountry "LTU"]
[SourceTitle "playchess.com"]
[Source "ChessBase"]
[SourceQuality "1"]
[TimeControl "5400+30"]

1. e4 {[%emt 0:00:00]} c5 {[%emt 0:00:10]} 2. Nc3 {[%emt 0:00:00]} d6 {[%emt 0:00:31]} 3. d4 {[%emt 0:00:02]} cxd4 {[%emt 0:01:03]} 4. Qxd4 {[%emt 0:00:05]} Nc6 {[%emt 0:00:51]} 5. Qd2 {[%emt 0:00:09]} Nf6 {[%emt 0:02:33]} 6. b3 {[%emt 0:00:20]} g6 {[%emt 0:02:34]} 7. Bb2 {[%emt 0:00:28]} Bg7 {[%emt 0:00:28]} 8. O-O-O {[%emt 0:01:42]} O-O {[%emt 0:00:19]} 9. f3 {[%emt 0:01:16]} a5 {[%emt 0:18:03]} 10. Bb5 {[%emt 0:04:38]} Qb6 {[%emt 0:01:52]} 11. Kb1 {[%emt 0:07:16]} Rd8 {[%emt 0:11:52]} 12. g4 {[%emt 0:17:11]} Be6 {[%emt 0:14:32]} 13. g5 {[%emt 0:00:58]} Ne8 {[%emt 0:02:22]} 14. a4 {[%emt 0:24:30]} Nc7 {[%emt 0:02:24]} 15. Nge2 {[%emt 0:13:04]} d5 {[%emt 0:12:36]} 16. exd5 {[%emt 0:08:48]} Bxd5 {[%emt 0:02:48]} 17. Nxd5 {[%emt 0:02:07]} Rxd5 {[%emt 0:00:15]} 18. Bd3 {[%emt 0:00:15]} Bxb2 {[%emt 0:00:12]} 19. Kxb2 {[%emt 0:00:07]} Ne6 {[%emt 0:00:56]} 20. Nc3 {[%emt 0:04:12]} Qd4 {[%emt 0:02:59]} 21. Kb1 {[%emt 0:03:32]} Rxg5 {[%emt 0:03:14]} 22. h4 {[%emt 0:03:45]} Rh5 {[%emt 0:00:18]} 23. Ne2 {[%emt 0:01:46]} Qf6 {[%emt 0:04:10]} 24. Ng3 {[%emt 0:00:49]} Rxh4 {[%emt 0:01:09]} 25. Qf2 {[%emt 0:03:27]} Rxh1 {[%emt 0:00:51]} 26. Rxh1 {[%emt 0:00:05]} Rd8 {[%emt 0:02:28]} 27. Qh2 {[%emt 0:01:17]} Nf8 {[%emt 0:00:36]} 28. Ne4 {[%emt 0:00:27]} Qg7 {[%emt 0:01:17]} 29. Qc7 {[%emt 0:00:38]} Rd7 {[%emt 0:01:12]} 30. Qc8 {[%emt 0:00:39]} Qe5 {[%emt 0:01:47]} 31. Bc4 {[%emt 0:01:24]} Qb8 {[%emt 0:05:02]} 32. Qxb8 {[%emt 0:00:06]} Nxb8 {[%emt 0:00:05]} 33. c3 {[%emt 0:00:54]} b6 {[%emt 0:00:27]} 34. b4 {[%emt 0:00:22]} axb4 {[%emt 0:00:19]} 35. cxb4 {[%emt 0:00:06]} Rd4 {[%emt 0:00:23]} 36. Rh4 {[%emt 0:01:03]} Kg7 {[%emt 0:01:04]} 37. Bxf7 {[%emt 0:00:29]} Rxb4+ {[%emt 0:00:09]} 38. Kc2 {[%emt 0:00:05]} Rxe4 {[%emt 0:00:53]} 39. Rxe4 {[%emt 0:00:32]} Kxf7 {[%emt 0:00:01]} 40. Kc3 {[%emt 0:00:51]} Ne6 {[%emt 0:00:16]} 41. Kc4 {[%emt 0:00:27]} Nd7 {[%emt 0:00:42]} 42. Kb5 {[%emt 0:00:19]} Nec5 {[%emt 0:00:18]} 43. Rd4 {[%emt 0:00:35]} Ke6 {[%emt 0:00:17]} 44. Kc6 {[%emt 0:00:08]} h5 {[%emt 0:00:32]} 45. Rd1 {[%emt 0:00:35]} h4 {[%emt 0:01:11]} 0-1

[Event "Baltic Zonal II Stage 2018"]
[Site "Palanga"]
[Date "2018.06.15"]
[Round "3"]
[White "Pedoson, Georg Aleksander"]
[Black "Kantans, Toms"]
[Result "0-1"]
[WhiteElo "2125"]
[BlackElo "2526"]
[Annotator "TA"]
[PlyCount "70"]
[EventDate "2018.??.??"]
[EventType "swiss"]
[EventCountry "LTU"]
[SourceTitle "playchess.com"]
[Source "ChessBase"]
[SourceQuality "1"]

{[%evp 11,70,29,18,26,17,9,20,8,14,16,13,6,27,0,0,0,0,0,10,-9,0,0,6,-57,-64,-64,12,0,18,-51,-37,-37,-28,-133,-76,-81,-69,-144,-135,-437,-455,-445,-441,-490,-482,-467,-458,-425,-193,-1118,-400,-688,-684,-663,-645,-905,-899,-825,-820,-1688,-1590]} 1. c4 c5 2. Nc3 Nc6 3. g3 g6 4. Bg2 Bg7 5. e3 Nh6 6. Nge2 Nf5 7. d3 {A36: Symmetrical English vs ...g6: 4 Bg2 Bg7} b6 8. a3 Bb7 9. b4 {The position is equal.} O-O 10. O-O d6 11. Rb1 e6 $146 ({Predecessor:} 11... Qd7 12. h3 e6 13. Kh2 Rad8 14. e4 Nfd4 15. Be3 {½-½ (44) Karlsson,L (2472)-Cheparinov,I (2621) Warsaw 2005}) 12. Bd2 Qd7 13. Qb3 Rad8 14. Rfd1 Qc8 15. Na4 Rd7 16. Bc3 e5 17. Bh3 (17. Bd2 $11) 17... Nd8 $15 18. e4 Nd4 (18... Ne6 $1 $15) 19. Bxd4 $11 cxd4 20. Bxd7 (20. c5 $1 $11 b5 21. Rdc1 (21. Bxd7 Qxd7 22. Nb2 Qg4 $11) 21... bxa4 22. Qxa4) 20... Qxd7 $15 21. Rf1 Ne6 {[%mdl 1024] Black has compensation.} 22. Nb2 (22. f3 $11) 22... Bh6 (22... f5 $142 23. f3 Bh6) 23. f3 f5 $1 24. c5 ({White should try} 24. Qa4 $15 Be3+ 25. Kg2) 24... Be3+ 25. Kg2 $2 {[%mdl 8192]} (25. Kh1 $17 {was the crucial defense.} fxe4 26. dxe4) 25... fxe4 $1 $19 26. fxe4 {Hoping for cxd6.} d5 27. Rxf8+ Kxf8 28. Rf1+ Kg7 29. h4 {[#]} dxe4 (29... Nf4+ $142 $1 {[%mdl 512]} 30. Nxf4 exf4) 30. Kh2 $2 {[#]} (30. dxe4 Nf4+ 31. Nxf4 Bxe4+ 32. Kh2 exf4 33. Nd3) 30... bxc5 (30... Nf4 $142 $1 {[%mdl 512] ( -> ...Qh3#)} 31. Nxf4 exf4) 31. Nc4 (31. dxe4 $142 Ba6 32. Qd5 Qxd5 33. exd5 Bxe2 34. Re1) 31... exd3 {Black is clearly winning.} 32. Qxd3 Ba6 33. Qe4 Bxc4 34. Qxe5+ Kh6 35. Rf5 Bxe2 {Precision: White = 30%, Black = 52%.} 0-1

[Event "Baltic Zonal II Stage 2018"]
[Site "Palanga"]
[Date "2018.06.16"]
[Round "4"]
[White "Kulaots, Kaido"]
[Black "Neiksans, Arturs"]
[Result "1/2-1/2"]
[WhiteElo "2574"]
[BlackElo "2561"]
[Annotator "TA"]
[PlyCount "82"]
[EventDate "2018.??.??"]
[EventType "swiss"]
[EventCountry "LTU"]
[SourceTitle "playchess.com"]
[Source "ChessBase"]
[SourceQuality "1"]

{[%evp 22,82,38,22,34,28,33,33,24,35,44,32,36,5,18,0,0,0,0,0,0,-8,0,-29,-31,-21,0,0,0,-5,0,0,0,0,-4,-19,0,0,0,0,0,0,0,0,0,0,0,0,0,0,0,0,0,0,0,0,0,0,0,0,0,0,0]} 1. e4 e5 2. Nf3 Nc6 3. Bb5 {[%cal Bf1b5,Bb5a4,Ba4b3][%mdl 32]} a6 4. Ba4 Nf6 5. O-O Be7 6. Re1 b5 7. Bb3 d6 8. c3 O-O 9. h3 Na5 10. Bc2 c5 11. d4 Nd7 12. a4 b4 {C96: Closed Ruy Lopez: Chigorin Defence: 11 d4, replies other than 11...Qc7} 13. cxb4 (13. Nbd2 Rb8 14. Nf1 b3 15. Bd3 exd4 16. cxd4 c4 17. Be2 c3 18. Ng3 Nf6 19. Bd3 Nc6 20. d5 {0-1 (37) Quesada Perez,Y (2627)-Caruana,F (2811) chess.com INT 2018}) 13... cxb4 14. Nbd2 exd4 {White is slightly better.} 15. Nxd4 Nc5 16. N2b3 Naxb3 $146 ({Predecessor:} 16... Ncxb3 17. Nxb3 Bb7 18. Qd3 g6 19. Bh6 Re8 20. Qd4 {0-1 (64) Byron,A (2188)-Mannion,S (2344) Douglas 2015}) 17. Nxb3 Bb7 18. Nxc5 dxc5 19. Bd3 Bf6 20. Qc2 Re8 21. Rb1 Rc8 22. b3 Bc3 23. Re2 Rc7 {The position is equal.} 24. Bc4 Rd7 25. Bb2 Bxb2 26. Qxb2 Rxe4 27. Rxe4 Bxe4 28. Re1 Rd1 29. Qe2 Rxe1+ 30. Qxe1 Bb7 31. Qe5 a5 32. Qxc5 g6 33. Qe5 Bc6 34. Kh2 Bb7 35. Kg3 Bc6 36. h4 h5 37. f3 Bb7 38. Qc5 Bc8 39. Qe5 Bb7 40. Qc5 Bc8 41. Qe5 Bb7 {Precision: White = 75%, Black = 80%.} 1/2-1/2

[Event "Baltic Zonal II Stage 2018"]
[Site "Palanga"]
[Date "2018.06.16"]
[Round "4"]
[White "Kantans, Toms"]
[Black "Seeman, Tarvo"]
[Result "0-1"]
[WhiteElo "2526"]
[BlackElo "2425"]
[Annotator "TA"]
[PlyCount "92"]
[EventDate "2018.??.??"]
[EventType "swiss"]
[EventCountry "LTU"]
[SourceTitle "playchess.com"]
[Source "ChessBase"]
[SourceQuality "1"]

{[%evp 16,92,75,38,48,20,36,26,39,30,26,26,29,0,0,8,0,-23,-12,-19,-10,-31,-28,-17,-27,0,0,0,0,0,0,0,0,0,0,0,8,14,66,21,53,-23,-14,-119,-128,-158,-162,-160,-170,-177,-160,-162,-166,-231,-229,-230,-231,-230,-231,-230,-227,-291,-274,-291,-289,-270,-270,-270,-270,-270,-239,-277,-288,-477,-474,-471,-460,-1681,-1660]} 1. e4 g6 2. d4 Bg7 3. Nf3 d6 4. h3 Nf6 5. Bd3 O-O 6. O-O Nc6 7. c3 e5 8. Re1 Re8 9. Na3 h6 {B07: Pirc Defence: Miscellaneous Systems} (9... b6 10. Nc2 Bb7 11. Bg5 h6 12. Bd2 Qe7 13. b4 Qf8 14. d5 Ne7 15. c4 Nd7 16. a4 f5 17. a5 {0-1 (39) Wei,Y (2734)-Dubov,D (2696) Liaocheng 2018}) 10. Nc2 a6 11. a4 {[%cal Ba2a4,Ba4a5][%mdl 32]} b6 {White has an edge.} 12. Ra3 $146 ({Predecessor:} 12. b4 Nh7 13. Bb2 Ng5 14. b5 Na5 15. Nb4 axb5 16. axb5 Nxf3+ 17. Qxf3 exd4 18. cxd4 {½-½ (60) Muzychuk,M (2545)-Stefanova,A (2512) Hancheng 2016}) 12... Bb7 13. d5 Ne7 14. a5 Nexd5 15. exd5 {Black must now prevent Bc4.} e4 16. c4 exd3 17. Rxd3 bxa5 18. Bd2 a4 19. Bc3 Rxe1+ 20. Ncxe1 Ne4 21. Bxg7 Kxg7 22. Re3 Nc5 $1 23. Nd3 Nxd3 24. Qxd3 Qf6 25. Qd2 a5 26. Nd4 Rb8 (26... Rc8 $11) 27. Ra3 Re8 28. Rxa4 ({Better is} 28. f3 $14) 28... Re4 $11 29. Nb3 {[#]} (29. Nb5 $11 {remains equal.}) 29... Bxd5 $1 $17 {[%mdl 512]} 30. Nxa5 (30. cxd5 Rxa4) 30... Qe5 31. f3 {[#]} Re1+ $1 32. Kf2 Rb1 33. Rb4 {[#]} Bxf3 $1 $40 {[%mdl 640] Threatens to win with ...Be2. Black has strong attack.} 34. Qc3 (34. Rb5 {was called for.} c5 35. Qc3) (34. Kxf3 Rf1+) 34... Qxc3 35. bxc3 Be4 36. Rxb1 Bxb1 $19 {[%mdl 4096] Endgame KB-KN} 37. Ke3 Kf6 38. Nc6 Bf5 39. h4 Bc8 40. g3 Bb7 41. Na5 Ba8 42. c5 dxc5 {[%cal Bd6c5,Bc5c4][%mdl 32]} 43. Nb3 c4 44. Nd4 $2 (44. Nd2) 44... Ke5 {Black is clearly winning.} 45. Nb5 c5 46. Nc7 (46. Na3 $142 Bd5 47. Nc2) 46... Bc6 {Precision: White = 37%, Black = 78%.} 0-1

[Event "Baltic Zonal II Stage 2018"]
[Site "Palanga"]
[Date "2018.06.16"]
[Round "4"]
[White "Meshkovs, Nikita"]
[Black "Rozentalis, Eduardas"]
[Result "1-0"]
[WhiteElo "2515"]
[BlackElo "2519"]
[Annotator "TA"]
[PlyCount "85"]
[EventDate "2018.??.??"]
[EventType "swiss"]
[EventCountry "LTU"]
[SourceTitle "playchess.com"]
[Source "ChessBase"]
[SourceQuality "1"]

{[%evp 24,85,-27,-21,11,0,6,0,25,20,18,16,67,4,50,14,0,-8,0,-9,35,0,11,14,68,55,85,10,14,-68,-47,-25,0,-103,-98,-90,-99,-335,-352,-337,171,181,180,175,321,316,303,254,228,136,474,-112,849,850,820,16,786,797,1051,626,29976,29971,29976,6540]} 1. c4 e6 2. Nf3 Nf6 3. Nc3 Bb4 4. Qc2 O-O 5. a3 Bxc3 6. Qxc3 b6 7. g3 Bb7 8. Bg2 d5 9. cxd5 exd5 {A17: English Opening: 1...Nf6 with ...Bb4} 10. O-O Re8 11. Re1 (11. e3 c5 12. b4 Nbd7 13. d3 Rc8 14. Qd2 Rc7 15. Bb2 d4 16. e4 c4 17. dxc4 Bxe4 18. Bxd4 {½-½ (18) Pantsulaia,L (2578)-Gelfand,B (2717) Khanty-Mansiysk 2005}) 11... c5 12. d4 Ne4 13. Qc2 {LiveBook: 3 Games} Nd7 14. Bf4 $146 ({Predecessor:} 14. dxc5 bxc5 15. Nd2 Nef6 16. Nc4 Re6 17. Bf4 {½-½ (30) Pushkov,N (2485)-Psakhis,L (2575) Rostov on Don 1993}) 14... Rc8 15. Bh3 Qe7 16. Rad1 h6 17. Nh4 Bc6 (17... cxd4 $11 18. Qa4 Ndc5 19. Qxd4 Ne6) 18. Nf5 (18. dxc5 $14 g5 19. Nf5) 18... Qf6 $11 19. f3 Ng5 20. Bg2 Ne6 {[%cal Rc5d4]} 21. Be3 Qg6 22. Bh3 cxd4 23. Bxd4 Nf4 (23... Ndf8 $11) 24. Bg4 h5 25. gxf4 (25. Qd2 $16) 25... hxg4 26. Kh1 (26. fxg4 $11 Nf6 27. Bxf6 Qxg4+ 28. Ng3) 26... Nc5 {White must now prevent ...Ba4.} 27. Qb1 Ne6 28. Be5 {[#]} (28. Rg1 $11 {keeps the balance.} Nxd4 29. Nxd4 Qxb1 30. Rxb1) 28... d4 $1 $17 {[%mdl 512]} 29. Rg1 {[#]} (29. Bxd4 gxf3) 29... Rcd8 $1 {And now ...Nxf4! would win.} 30. h3 $2 (30. Rg3 $17 {was necessary.}) 30... d3 $19 31. Rxd3 Rxd3 $4 {[%mdl 8192]} (31... Qh7 $19 {[%cal Rh7h3] and life is good for Black.} 32. Kg2 Rxd3 33. Qxd3 Nc5) 32. Qxd3 $18 Nc5 33. Qb1 Ne4 (33... Bd7 {is a better defense.} 34. hxg4 (34. fxg4 Qc6+ 35. Kh2 f6 $11) 34... Bxf5 35. Qxf5 Qe6 36. Qxe6 Rxe6) 34. hxg4 (34. Nxg7 Rxe5 35. fxe5 Kxg7 $14) 34... f6 35. Qa2+ (35. fxe4 fxe5 36. fxe5 Rxe5 $11) 35... Kf8 {[%cal Bg8f8,Bf8e8,Be8d7][%mdl 32] [#]} 36. Bc3 ({Weaker is} 36. fxe4 Bxe4+ 37. Kh2 fxe5 $17) ({Better is} 36. Bc7 $1 $18 {Qc4 is the strong threat.} Rc8 37. Nd4 (37. fxe4 Bxe4+ 38. Kh2 Rxc7 $11)) 36... Nf2+ $2 {[%mdl 8192]} (36... Nd6 $16 37. Rg2 Rxe2 38. Rxe2 Bxf3+ 39. Kh2 Qxg4) 37. Kh2 $2 (37. Kg2 $18 {White threatens Bb4+ and mate.} Ne4 38. Qc4 (38. fxe4 Qxg4+ 39. Kf2 Qxf4+ 40. Ke1 Qc1+ 41. Kf2 Qf4+ 42. Ke1 Qc1+ 43. Kf2 Qf4+ $11)) 37... Rxe2 $2 {[%mdl 8192]} (37... Qh7+ $17 38. Kg2 Rxe2 39. Bb4+ Ke8) 38. Bb4+ Ke8 39. Qg8+ $40 {[%mdl 128] White has some attack.} Kd7 {( -> ...Nxg4+)} 40. Kg3 {aiming for Qb8.} a5 41. Be7 {Intending Qd8+ and mate.} Nh1+ 42. Rxh1 Rg2+ 43. Kh3 {Precision: White = 38%, Black = 40%.} 1-0

[Event "Baltic Zonal II Stage 2018"]
[Site "Palanga"]
[Date "2018.06.16"]
[Round "4"]
[White "Ladva, Ottomar"]
[Black "Kovalenko, Igor"]
[Result "0-1"]
[WhiteElo "2499"]
[BlackElo "2632"]
[Annotator "TA"]
[PlyCount "116"]
[EventDate "2018.??.??"]
[EventType "swiss"]
[EventCountry "LTU"]
[SourceTitle "playchess.com"]
[Source "ChessBase"]
[SourceQuality "1"]

{[%evp 17,116,47,65,25,34,15,37,31,45,43,58,64,87,83,100,0,0,0,0,0,0,0,0,0,0,0,0,0,0,-202,-202,-202,-202,-193,-209,-200,-194,-197,-163,-174,-181,-162,-165,-192,-183,-204,-174,-194,-199,-336,-315,-409,-222,-235,-158,-145,-143,-188,-182,-195,-188,-241,-237,-190,-187,-166,-121,-159,-167,-170,-37,-250,-247,-255,-193,-464,-458,-572,-566,-558,-536,-566,-577,-683,-671,-750,-430,-986,-982,-29963,-29963,-29952,-9896,-12822,-5935,-2155,-2047,-29982,-29983,-29982,-29983]} 1. d4 Nf6 2. Nf3 g6 3. g3 Bg7 4. Bg2 O-O 5. O-O d6 6. b3 c6 7. Bb2 Qa5 8. Re1 {A49: Königsindisch (ohne c2-c4)} (8. Nbd2 Qh5 9. e4 Bg4 10. Re1 Nbd7 11. Qe2 e5 12. Qf1 exd4 13. h3 Bxf3 14. Nxf3 c5 15. g4 Nxg4 16. hxg4 Qxg4 17. Nh2 Qh4 {½-½ (93) Dreev,A (2653)-Naroditsky,D (2619) chess.com INT 2018}) 8... Qh5 9. e4 Bg4 {LiveBook: 8 Partien} 10. Qd3 {Weiß steht etwas besser.} Na6 {[%cal Bb8a6,Ba6c7,Bc7e6,Be6g5][%mdl 32]} 11. a3 Rad8 12. Nbd2 e5 13. dxe5 $146 ({Vorgänger:} 13. Qf1 Bh6 14. h3 Bc8 15. Rad1 Rfe8 {1-0 (50) Ottati,A-Cantero,R Tel Aviv 1964}) 13... dxe5 14. Qf1 Bh6 15. Bc3 Nc7 16. a4 (16. h3 $16) 16... Ne6 $11 17. h3 Bxd2 18. Nxd2 Bxh3 $1 19. Bxh3 Ng5 $1 {[%cal Rg5h3]} 20. Bg2 {Droht f3 und aus.} Ng4 {[%csl Gg4][%cal Rh5h2]} 21. Qe2 f5 $40 {[%mdl 128] Schwarz hat einigen Angriff.} 22. Qc4+ Rf7 $1 {zielt auf ...Txd2! ab.} 23. exf5 $2 (23. Nf1 $1 $11 {und Weiss muss sich keine Sorgen machen.} fxe4 24. Rad1 Rxd1 25. Rxd1) 23... Rxd2 $1 $19 24. Qxg4 (24. Bxd2 $2 {zu gefräßig.} Nf3+ $1 {[%mdl 512]} 25. Kf1 Nxd2+ 26. Ke2 Nxc4 $19) 24... Qxg4 25. Bxd2 Qxf5 26. Bxg5 Qxg5 27. Re2 Qe7 28. Rd1 Kg7 29. Rd3 Qa3 30. Bh3 Re7 31. Rde3 a5 32. Kh2 Qc5 33. f4 {[#]} (33. Bg2 $142) 33... e4 $1 34. Bg2 (34. Rxe4 Rxe4) 34... Qh5+ (34... b5 $142 35. Bxe4 bxa4 36. bxa4 Qd4) 35. Kg1 Rd7 36. Rxe4 Rd1+ 37. Kf2 Qc5+ 38. R4e3 b5 39. Bf3 (39. Be4 {war einen Versuch wert.}) 39... bxa4 40. bxa4 Rc1 41. Be4 Ra1 42. Kg2 Rxa4 43. Bf3 {[#]} Rc4 ({Besser ist} 43... Ra3 $1 $19 {[%cal Ra3e3]} 44. Re7+ Kf8 45. Rxh7 Qc3) 44. Re7+ $2 (44. Re5 $15 Qb4 45. Re7+ Kf8 46. Rxh7) 44... Kf8 45. R7e5 Qa3 46. Re8+ $2 {[#]} (46. Be4) 46... Kf7 $1 {Weiss muss nun ...Tc3 beachten.} 47. Ra8 {beabsichtigt Ta7+.} Rc3 48. Rf2 Qa4 49. Ra7+ Kf6 50. Ra6 h5 {[%cal Bh7h5,Bh5h4][%mdl 32]} 51. Rd2 h4 52. Rd6+ (52. gxh4 $142 Qxf4 53. Rf2) 52... Ke7 53. Rdxc6 Qxc2+ 54. Kg1 Qc1+ 55. Kg2 Qd2+ 56. Kh3 Rxf3 57. Ra7+ Kd8 58. Rxg6 Rxg3+ {Precision: Weiß = 40%, Schwarz = 65%.} 0-1

[Event "Baltic Zonal II Stage 2018"]
[Site "Palanga"]
[Date "2018.06.16"]
[Round "4"]
[White "Starostits, Ilmars"]
[Black "Sulskis, Sarunas"]
[Result "0-1"]
[WhiteElo "2461"]
[BlackElo "2506"]
[Annotator "TA"]
[PlyCount "84"]
[EventDate "2018.??.??"]
[EventType "swiss"]
[EventCountry "LTU"]
[SourceTitle "playchess.com"]
[Source "ChessBase"]
[SourceQuality "1"]

{[%evp 17,84,12,18,19,16,10,19,5,8,6,30,17,20,0,13,-11,62,56,28,16,18,24,29,0,62,68,67,69,62,58,73,63,58,-57,-62,-31,-31,-150,-170,-250,-31,-50,25,16,69,0,0,-8,-8,0,0,-8,-15,-222,-8,-8,0,-106,-95,-592,-592,-592,-529,-621,-609,-29984,-29977,-29967,-29969]} 1. d4 d5 2. c4 e6 3. Nf3 c6 4. e3 Bd6 5. b3 (5. Bd3 f5 6. b3 Nf6 7. O-O Qe7 8. Bb2 Nbd7 9. Nc3 Ne4 10. Ne2 Qf6 11. Rc1 g5 12. Bb1 Rg8 13. Rc2 Rg6 14. Ne1 Rh6 15. g3 Qg6 16. Nc3 {1-0 (37) Mchedlishvili,M (2600)-Ivanchuk,V (2713) Batumi 2018}) 5... f5 6. Bb2 {D30: Queen's Gambit Declined: Systems without Nc3} Nf6 7. Bd3 b6 8. O-O Qe7 9. Qc2 O-O {LiveBook: 3 Games} 10. Ne5 Bb7 11. Nd2 a5 $146 ({Predecessor:} 11... Nbd7 12. cxd5 cxd5 13. Rac1 Rac8 14. Qb1 Ne4 15. Ndf3 Ndf6 16. Rxc8 Rxc8 {½-½ (27) Catteau,B (2155)-Parant,F (2126) France 2003}) 12. Ndf3 Na6 13. a3 Rac8 14. Qe2 Nb8 15. Rfc1 Ne4 16. Qd1 g5 (16... c5 $11) 17. b4 $14 g4 18. c5 $36 {[%mdl 2048] White has good play.} bxc5 19. dxc5 Bc7 20. Bxe4 dxe4 (20... fxe4 $11 21. Nd2 (21. Nxg4 h5 $11) 21... Bxe5 22. Bxe5 Qg5) 21. Nd2 $1 Rcd8 $1 (21... Qh4 $2 22. Ndc4 $18) 22. Qc2 (22. Nxg4 e5 $11) 22... Rd5 23. Ndc4 (23. Nxg4 fxg4 24. Nxe4 Nd7 $17) 23... Rfd8 24. f4 (24. bxa5 Rxc5 25. Qb3 Ba6 $11) 24... exf3 {...Nd7 is the strong threat.} 25. gxf3 (25. e4 $14 Rxe5 26. Bxe5 Bxe5 27. Nxe5) 25... Nd7 $1 $15 {[%cal Rd7e5]} 26. Nxd7 R8xd7 27. e4 (27. f4 $15) 27... Rd3 $17 28. exf5 (28. Kh1 {was worth a try.}) 28... Qh4 $2 (28... gxf3 29. Kh1 $11) (28... exf5 29. Re1 $11) (28... Qg5 $1 $19 29. fxg4 Ba6) 29. Qg2 (29. fxe6 {gets mated.} Rd2 $1 {[%mdl 512]} 30. Nxd2 Qxh2+ 31. Kf1 Bg3 $1 {[%mdl 512]} 32. Bd4 Rxd4 33. Qxh7+ Kxh7 34. Ne4 Qh1+ 35. Ke2 Qxf3#) 29... Rxf3 (29... Bf4 $15 30. Re1 exf5) 30. Be5 $1 $11 ({Not} 30. Nxa5 $2 Bxh2+ $1 {[%mdl 512]} 31. Qxh2 Rg3+ 32. Kh1 Rh3 $19) 30... exf5 ({Black should play} 30... Rxf5 $11 31. Bxc7 Rxc7) 31. Rf1 (31. Qa2 $14) 31... Rxf1+ 32. Rxf1 Bxe5 33. Nxe5 Rd5 34. Qe2 Qf6 35. Nc4 $2 (35. Re1 $11) 35... axb4 $2 ({Black should try} 35... Ba6 $19 {Strongly threatening ...Rd4.} 36. Qe8+ Qf8 37. Qxf8+ Kxf8) 36. Nd6 bxa3 {White must now prevent ...Qd4+.} 37. Nxb7 (37. Qe8+ $11 {keeps the balance.} Kg7 38. Qe3 Rxd6 39. cxd6) 37... Qd4+ $17 38. Kh1 $2 {[%mdl 8192]} (38. Kg2 $17 {was the crucial defense.} Re5 39. Qa2+ Kh8 40. Nd6 Rxc5 41. Qe6 Qd5+ 42. Qxd5 Rxd5 43. Nxf5) 38... Qe4+ $19 39. Qxe4 fxe4 {[%cal Bf5e4,Be4e3,Be3e2][%mdl 32]} 40. Ra1 {[#]} e3 $1 {[%cal Re3e2] ( -> ...e2)} 41. Kg2 Rd2+ 42. Kg3 e2 {Precision: White = 20%, Black = 56%.} 0-1

[Event "Baltic Zonal II Stage 2018"]
[Site "Palanga"]
[Date "2018.06.16"]
[Round "4"]
[White "Laurusas, Tomas"]
[Black "Miezis, Normunds"]
[Result "1-0"]
[WhiteElo "2453"]
[BlackElo "2468"]
[Annotator "TA"]
[PlyCount "113"]
[EventDate "2018.??.??"]
[EventType "swiss"]
[EventCountry "LTU"]
[SourceTitle "playchess.com"]
[Source "ChessBase"]
[SourceQuality "1"]

{[%evp 22,113,22,31,37,32,24,17,25,33,27,22,37,0,0,0,0,-18,14,16,49,47,86,85,79,29,105,96,89,65,158,149,151,150,154,147,143,142,182,167,201,194,299,291,279,261,387,375,383,381,374,281,289,284,341,333,376,348,387,384,381,371,370,371,495,473,525,519,1451,1379,1114,791,1497,1512,1683,2031,2040,2031,1940,1956,1835,1724,2750,2759,2562,2571,2663,2563,29985,29986,29987,29988,29988,29985]} 1. d4 Nf6 2. c4 e6 3. Nf3 Bb4+ 4. Bd2 c5 5. g3 b6 6. Bg2 Bb7 7. Bxb4 cxb4 8. O-O O-O 9. Qd3 d6 10. Nbd2 a5 {E16: Queen's Indian: 4 g3 Bb7 5 Bg2 Bb4+} 11. e4 e5 12. Ne1 {LiveBook: 4 Games} Nc6 {White is slightly better.} 13. Nc2 Nd7 {[#]} 14. d5 $146 ({Predecessor:} 14. Rfd1 Qf6 15. dxe5 Ndxe5 16. Qe2 Nd7 {1-0 (32) Yilmaz,M (2585)-David,A (2585) Porto Rio 2015}) 14... Nc5 15. Qe3 Nb8 16. f4 Nbd7 17. Rf2 Ba6 18. a4 bxa3 19. Nxa3 Re8 20. f5 a4 21. Bf3 Qc7 22. Be2 f6 23. Nc2 Bb7 (23... Qb7 $11 {keeps the balance.}) 24. Ra3 $16 Rec8 25. Rc3 Nb3 (25... Na6 $14) 26. Nxb3 axb3 27. Rxb3 Ra2 28. Rf1 Rca8 29. Rb1 R8a4 30. Kf2 Nc5 31. Ra3 b5 (31... R2xa3 $142 32. Nxa3 Qb8) 32. Rxa2 $18 Rxa2 33. cxb5 Ra4 (33... Ra8 $142 34. Kg2 Ra4) 34. b4 Nd7 35. Na3 Nb6 36. h4 Qd8 37. Rb2 Kf8 38. Nc4 Nxc4 39. Bxc4 Qc7 40. Be2 Ra1 41. b6 Qc8 42. g4 h6 43. g5 fxg5 44. hxg5 hxg5 (44... Rh1 $142 45. Ra2 Kg8) 45. Qxg5 Rh1 46. Kg2 Rh6 47. Rb3 Qc2 48. Qd8+ Kf7 49. Qc7+ Qxc7 50. bxc7 {[%mdl 4096] Endgame KRB-KRB} Rh4 51. Bd3 Ke7 52. b5 {[%cal Bb4b5,Bb5b6][%mdl 32]} Rg4+ 53. Kf2 Rh4 54. b6 Kd7 55. Bb5+ {White mates.} Kc8 56. Rg3 Rh2+ 57. Rg2 {Precision: White = 88%, Black = 29%.} 1-0